书目信息 |
| 题名: |
普希金诗选
|
|
| 作者: | 普希金, 著 ;王樽 , 林青 选编 | |
| 分册: | ||
| 出版信息: | 北京 中国人口出版社 2009.05 |
|
| 页数: | 91页 | |
| 开本: | 20cm | |
| 丛书名: | 新课标世界名著必读丛书 | |
| 单 册: | ||
| 中图分类: | I512.24 | |
| 科图分类: | ||
| 主题词: | 诗歌--俄罗斯--近代--选集 | |
| 电子资源: | ||
| ISBN: | 978-7-5101-0202-8 | |
| 000 | 01042nam2 2200277 450 | |
| 001 | 004443766 | |
| 005 | 20100805103711.95 | |
| 010 | @a978-7-5101-0202-8@dCNY10.00 | |
| 090 | @aI512.2@bpxj | |
| 100 | @a20100515d2009 em y0chiy50 ea | |
| 101 | 0 | @achi |
| 102 | @aCN@b110000 | |
| 105 | @aa z 000gy | |
| 200 | 1 | @a普希金诗选@Apu xi jin shi xuan@f(俄) 普希金著@F(e)pu xi jin zhu@g伊甸选编@g林青绘图@Apu xi jin shi xuan |
| 210 | @a北京@c中国人口出版社@d2009.05 | |
| 215 | @a91页@c图@d20cm | |
| 225 | 2 | @a新课标世界名著必读丛书@e名家绘本 |
| 330 | @a《普希金诗选》内容简介:世界名著有着非同凡响的力量,不仅能改变人生,在一定意义上,还推动了社会的进步和历史的发展。所以,阅读世界名著,体验其中的文化价值和审美思想,并以此了解社会,解读人生. | |
| 410 | 0 | @12001 @a新课标世界名著必读丛书 |
| 606 | 0 | @a诗歌@y俄罗斯@z近代@j选集 |
| 690 | @aI512.24@v4 | |
| 701 | 1 | @a普希金,@Apu xi jin,@f1799-1837@4著@Apu xi jin |
| 702 | 0 | @a王樽@Awang zun@4选编 |
| 702 | 0 | @a林青@Alin qing@4绘图 |
| 801 | @c20100515 | |
| 905 | @dI512.24@eP960-2@f5 | |
| 普希金诗选/(俄) 普希金著/伊甸选编/林青绘图.-北京:中国人口出版社,2009.05 |
| 91页:图;20cm.-(新课标世界名著必读丛书:名家绘本) |
| ISBN 978-7-5101-0202-8:CNY10.00 |
| 《普希金诗选》内容简介:世界名著有着非同凡响的力量,不仅能改变人生,在一定意义上,还推动了社会的进步和历史的发展。所以,阅读世界名著,体验其中的文化价值和审美思想,并以此了解社会,解读人生. |
| ● |
| 相关链接 |
|
|
|
正题名:普希金诗选
索取号:I512.24/P960-2
 
预约/预借
| 序号 | 登录号 | 条形码 | 馆藏地/架位号 | 状态 | 备注 |
| 1 | 995623 | 209956234 | 文学库116/116文学库 16排2列4层/ [索取号:I512.24/P960-2] | 在馆 | |
| 2 | 995624 | 209956243 | 社科二线400B/400B社科库 26排1列1层/ [索取号:I512.24/P960-2] | 在馆 | |
| 3 | 995625 | 209956252 | 社科二线422/422社科库 32排3列3层/ [索取号:I512.24/P960-2] | 在馆 | |
| 4 | 995626 | 209956261 | 文学库116/116文学库 16排2列4层/ [索取号:I512.24/P960-2] | 在馆 | |
| 5 | 995627 | 209956270 | 社科二线422/116文学库 16排2列4层/ [索取号:I512.24/P960-2] | 在馆 |